Sports Quiz

Random Sports Quiz

2003 Survivor Series Teams Quiz Stats

Quiz not verified by Sporcle

Challenge
Share
Tweet
Embed
Score 0/20 Timer 03:00
0 Plays Today
Team Wrestler % Correct
Smackdown FaceChris Benoit
87.7%
Smackdown FaceKurt Angle
86.2%
Smackdown HeelThe Big Show
86.2%
Smackdown HeelBrock Lesnar
84.6%
Team BischoffChris Jericho
81.5%
Smackdown FaceJohn Cena
81.5%
Team AustinShawn Michaels
80%
Team BischoffRandy Orton
80%
Team AustinRob Van Dam
72.3%
Team BischoffChristian
70.8%
Team Wrestler % Correct
Smackdown HeelA-Train
70.8%
Team AustinBooker T
69.2%
Team BischoffMark Henry
66.2%
Smackdown FaceBradshaw
61.5%
Smackdown HeelNathan Jones
61.5%
Smackdown HeelMatt Morgan
61.5%
Team BischoffScott Steiner
56.9%
Smackdown FaceHardcore Holly
56.9%
Team AustinBubba Ray Dudley
49.2%
Team AustinD-Von Dudley
49.2%

You're not logged in!

Compare scores with friends on all Sporcle quizzes.
Join for Free
OR
Log In

You Might Also Like...

Show Comments

Extras

Top Quizzes Today


Score Distribution

Your Account Isn't Verified!

In order to create a playlist on Sporcle, you need to verify the email address you used during registration. Go to your Sporcle Settings to finish the process.

Report this User

Report this user for behavior that violates our Community Guidelines.

Details: